00679nam a2200205Ia 4500003000900000008004100009020001800050040001600068080001300084100002400097245008100121260003400202300001400236650004100250650002500291650001800316942000700334999001500341952011700356IN-BaIIA211028s9999 xx 000 0 eng d a0-216-91783-2 cIIA Library a533bCAI aCairns, R. A914245 0aPlasma physicscR. A. Cairns  aGlasgowbBlackie & Sonsc1985 aix, 193p. aAstronomy and astrophysics thesaurus aPlasma physics93732 aPlasmas91898 cBK c8503d8503 00104070aBANbBANcGENd1985-10-17g174.12l0o533/ CAIp9368r2021-11-05v174.12w1985-10-17yBKGRs. 174.12